000 00840cab a22002055a 4500
001 E154061
008 111010e20111010xxk 000 0 eng u
035 _a(Sirsi) u154061
041 0 _aeng
110 2 _aBank of Scotland
_95792
245 0 0 _aOutput growth moderates as new business falls for first time in 2011
_h[electronic resource]
260 _c2011
490 _aBank of Scotland Press Release
_v10 October 2011
520 _aAlthough activity is still increasing, the speed of growth is slowing and jobs have been lost, although in small numbers.
590 _aKA
651 4 _aScotland
_y1999-
690 _aBUILT ENVIRONMENT-CONSTRUCTION MARKET
856 4 0 _uhttps://www.lloydsbankinggroup.com/media/pdfs/bos/2011/BoS_PMI_October_2011.pdf
_zView the news release free of charge at www.lloydsbankinggroup.com...
942 _n0
999 _c83473
_d83473